Niyojan kal me Bharat ki sanghiya arth-vyavastha tatha vittiya neeti (Record no. 17457)
[ view plain ]
| 000 -LEADER | |
|---|---|
| fixed length control field | 00418nam a2200145Ia 4500 |
| 082 ## - DEWEY DECIMAL CLASSIFICATION NUMBER | |
| Classification number | TS.0287 |
| 100 ## - MAIN ENTRY--AUTHOR NAME | |
| Personal name | Srivastava, Rakesh Kumar |
| 245 #0 - TITLE STATEMENT | |
| Title | Niyojan kal me Bharat ki sanghiya arth-vyavastha tatha vittiya neeti |
| 260 ## - PUBLICATION, DISTRIBUTION, ETC. (IMPRINT) | |
| Year of publication | 1981 |
| Name of publisher | Kashi Vidyapeeth |
| 300 ## - PHYSICAL DESCRIPTION | |
| Number of Pages | 437p. + C D - 54 |
| 650 ## - SUBJECT ADDED ENTRY--TOPICAL TERM | |
| Topical Term | INDIA - ECONOMIC POLICY |
| 650 ## - SUBJECT ADDED ENTRY--TOPICAL TERM | |
| Topical Term | INDIA - ECONOMIC CONDITIONS |
| 710 ## - ADDED ENTRY--CORPORATE NAME | |
| Corporate name or jurisdiction name as entry element | Chaturvedi, D.N. |
| 942 ## - ADDED ENTRY ELEMENTS (KOHA) | |
| Koha item type | Thesis |
| Source of classification or shelving scheme | Dewey Decimal Classification |
| Withdrawn status | Lost status | Damaged status | Not for loan | Home library | Current library | Date acquired | Bill Date | Full call number | Accession Number | Price effective from | Koha item type |
|---|---|---|---|---|---|---|---|---|---|---|---|
| NASSDOC Library | NASSDOC Library | 08/10/2004 | 2004-10-22 | TS.0287 | 15895 | 18/04/2019 | Thesis |
